Un personnage fictif par lettre de l'alphabet #2 - Statistiques

Statistiques générales
  • Ce quiz a été pris 401 fois
  • Le résultat moyen est 18 sur 26
Statistiques - réponses
Indices Personnages : % Correct
C'est un cocker appartenant à un petit garçon appelé Boule Bill
99%
L'homme araignée Spider-Man
95%
Héros de la mythologie qui a réalisé 12 travaux Hercule
94%
Personnage un peu enveloppé qui est tombé dans la marmite de potion magique Obélix
94%
Il se fait aider par Merlin l'enchanteur et retire Excalibur d'un rocher Arthur
92%
Le frère de Loulou et Riri, c'est le neveu de Donald Fifi
91%
C'est un extraterretre qui porte le nom du film dans lequel il apparaît. Il peut allonger son cou. E.T.
90%
Il est bien connu pour ses innombrables gaffes Gaston
90%
Le plus emblématique des pokémons Pikachu
90%
Gorille géant, il affronte Godzilla King kong
87%
Princesse aux longs cheveux blonds Raiponce
87%
Il combat Bowser Mario
84%
Il a dit "Je suis ton père" Vador
84%
Le roi des dieux de la mythologie grecque Zeus
83%
C'est la tête à...... Toto
80%
L'aîné des Dalton Joe
77%
Nom de famille de Ron dans Harry Potter Weasley
71%
Femme d'Osiris et mère d'Horus dans la mythologie égyptienne Isis
67%
Le prodige protecteur de Zelda Link
60%
Robot créé par Tony Stark dans les Avengers Ultron
43%
Prénom de la mère de Drago Malefoy Narcissa
40%
C'est le chevalier au lion Yvain
26%
Il a eu comme padawan Obi-Wan dans la Menace Fantôme Qui-Gon Jinn
25%
Le nom de famille de celui qui deviendra le Comte de Monte-Christo Dantès
23%
Elle fait parti du Club des cinq et possède un chien appelé Dagobert Claude
16%
C'est un pokémon cervidé dont la forme est basée sur le X avec ses bois Xerneas
15%
Aucun quiz correspondant
Distribution des résultats
% des personnes avec chaque résultat
Percentile par nombre de réponses
Votre historique - résultats
Vous n’avez pas pris ce quiz